Online
Catalog

Vuelo fatal : (Record no. 17759)

MARC details
000 -CABECERA
campo de control de longitud fija 00896cam a2200277 a 4500
001 - NÚMERO DE CONTROL
campo de control 000018238
005 - FECHA Y HORA DE LA ÚLTIMA TRANSACCIÓN
campo de control 20200929165421.0
008 - DATOS DE LONGITUD FIJA--INFORMACIÓN GENERAL
campo de control de longitud fija 910626s1966 sp 000 f spa d
035 ## - NÚMERO DE CONTROL DEL SISTEMA
Número de control de sistema (DLC)ltf91060214
040 ## - FUENTE DE LA CATALOGACIÓN
Centro catalogador/agencia de origen DO-SdBNP
Lengua de catalogación spa
Centro/agencia transcriptor DLC
Centro/agencia modificador DLC
-- BNPHU
041 17 - CÓDIGO DE LENGUA
Código de lengua del texto/banda sonora o título independiente spa
Código de lengua original ger
Fuente del código Código de idioma MARC
082 ## - NÚMERO DE LA CLASIFICACIÓN DECIMAL DEWEY
Número de clasificación 828.99343
Número de documento/Ítem B347v
049 ## - FONDOS LOCALES (OCLC)
Fondos de biblioteca BNGR
100 1# - ENTRADA PRINCIPAL--NOMBRE DE PERSONA
Nombre de persona Baum, Vicki,
Fechas asociadas al nombre 1888-1960.
9 (RLIN) 13380
240 10 - TÍTULO UNIFORME
Título uniforme Schichksalsflug.
Lenguaje de la obra Español
245 10 - MENCIÓN DE TÍTULO
Título Vuelo fatal :
Resto del título novela /
Mención de responsabilidad, etc. Vicki Baum ; traducción Víctor Scholz.
260 ## - PUBLICACIÓN, DISTRIBUCIÓN, ETC.
Lugar de publicación, distribución, etc. Barcelona :
Nombre del editor, distribuidor, etc. Planeta,
Fecha de publicación, distribución, etc. 1966.
300 ## - DESCRIPCIÓN FÍSICA
Extensión 305 p. ;
Dimensiones 20 cm.
490 1# - MENCIÓN DE SERIE
Mención de serie Infinito
534 ## - NOTA SOBRE LA VERSIÓN ORIGINAL
Encabezamiento principal del original Título original en alemán:
Mención de título del original Schichksalsflug.
650 #4 - PUNTO DE ACCESO ADICIONAL DE MATERIA--TÉRMINO DE MATERIA
Término de materia o nombre geográfico como elemento de entrada Novela australiana
9 (RLIN) 13045
650 #4 - PUNTO DE ACCESO ADICIONAL DE MATERIA--TÉRMINO DE MATERIA
Término de materia o nombre geográfico como elemento de entrada Literatura australiana
Subdivisión cronológica SIGLO XX
9 (RLIN) 25055
700 1# - PUNTO DE ACCESO ADICIONAL--NOMBRE DE PERSONA
Nombre de persona Scholz, Víctor,
Término indicativo de función/relación tr.
9 (RLIN) 39496
830 #0 - PUNTO DE ACCESO ADICIONAL DE SERIE-TÍTULO UNIFORME
Título uniforme Infinito.
9 (RLIN) 11133
910 ## - DATOS DE OPCIÓN DEL USUARIO (OCLC)
Datos de opción del usuario Catalogación derivada
Holdings
Estado de retiro Estado de pérdida Restricciones de uso No para préstamo Código de colección Localización permanente Ubicación/localización actual Ubicación en estantería Fecha de adquisición Número de inventario Total de préstamos Signatura topográfica completa Código de barras Fecha visto por última vez Precio válido a partir de Tipo de ítem Koha
        Monografías: Libros y Folletos General General En catalogación 21.04.2010 LF1   828.99343 B347v 18238-10 25.06.2020 25.06.2020 Préstamo en sala

Powered by Koha